| 000 | 01329nam a22003137a 4500 | ||
|---|---|---|---|
| 999 |
_c28136 _d28107 |
||
| 003 | EG-ScBUE | ||
| 005 | 20200218104633.0 | ||
| 008 | 200218r20172010ii f b 001 0 eng d | ||
| 020 | _a9788123918600 | ||
| 040 |
_aEG-ScBUE _beng _erda _cEG-ScBUE _dEG-ScBUE |
||
| 082 | 0 | 4 |
_a658.05 _bTAN _222 |
| 100 | 1 |
_aTanwar, Y. S., _eauthor. |
|
| 245 | 1 | 0 |
_aTextbook of computer application in pharmaceutical science and management / _cY S Tanwar, M pharm, PhD, professor and head, Department of Pharmaceutics, Bhupal Nobles' College of Pharmacy, Udaipur, Rajasthan, Nisha Tanwar, MCA, MSc, M Phil, lecturer and head, Department of Computer Studies, Bhupal Nobles' Postgraduate College, Udaipur, Rajasthan. |
| 250 | _aReprinted edition. | ||
| 264 | 1 |
_aNew Delhi : _bCBS Publishers & Distributors Pvt. Ltd., _c2017. |
|
| 300 |
_a450 pages : _billustrations ; _c24 cm |
||
| 336 |
_2rdacontent _atext _btxt |
||
| 337 |
_2rdamedia _aunmediated _bn |
||
| 338 |
_2rdacarrier _avolume _bnc |
||
| 500 | _aFirst edition : 2010. | ||
| 504 | _aIncludes bibliographical references and index. | ||
| 650 | 7 |
_aManagement _xData processing. _2BUEsh |
|
| 650 | 7 |
_aPharmaceutical chemistry. _2BUEsh |
|
| 653 |
_bPPhrm _cFebruary2020 |
||
| 655 |
_vReading book _934232 |
||
| 700 | 1 |
_aTanwar, Nisha _eauthor. |
|
| 942 |
_2ddc _cBB |
||